000 00402pab a2200145 454500
008 180718b1988 xxu||||| |||| 00| 0 eng d
100 _aSkaburskia, Andreys
245 _aSpeculation and housing prices
_bA study of vancouver's boom - bust cycle
260 _c1988
300 _a556-80
362 _aJun.
650 _aHousing - Finance - Vancouver
773 _aUrban Affairs Quarterly
909 _a9887
999 _c9887
_d9887